Principios de la imposición / Fritz Neumark ; introducción por Enrique Fuentes Quintana
Descripción Física:
XLVII, 476 p., 1 f. pleg. ; 24 cm
Otros Autores:
Fuentes Quintana, Enrique
Materias:
Impostos
MARC
| LEADER | 00000nam a2200000Ia 4500 | ||
|---|---|---|---|
| 001 | 828 | ||
| 008 | 160829s1974 xx 000 0 cat d | ||
| 080 | |a M-1-296 | ||
| 100 | |a Neumark, Fritz |9 27960 | ||
| 245 | |a Principios de la imposición / Fritz Neumark ; introducción por Enrique Fuentes Quintana | ||
| 260 | |a Madrid : |b Instituto de Estudios Fiscales, |c 1974 | ||
| 300 | |a XLVII, 476 p., 1 f. pleg. ; |c 24 cm | ||
| 650 | 0 | |a Impostos |9 26671 | |
| 700 | 1 | |a Fuentes Quintana, Enrique |9 27961 | |
| 901 | |a Arxiu | ||
| 942 | |n 1 | ||
| 952 | |0 0 |1 0 |4 0 |6 M1296 |7 1 |9 44616 |a Arxiu |b Arxiu |d 2016-12-01 |l 0 |o M-1-296 |p 828 |r 2016-12-01 00:00:00 |w 2016-12-01 |y ARXIU | ||
| 999 | |c 47197 |d 47197 | ||